Los ojos del perro siberiano /

Hay cosas de las que es mejor no hablar. Eso creen la madre y el padre de Ezequiel. Pero su hermano menor quiere saber qué pasa, entender por qué Ezequiel está enfermo y por qué hay una parte de la familia que eligió abandonarlo.

Guardado en:
Autor Principal: Santa Ana, Antonio
Formato: Libro
Publicado: Barcelona : Norma, 2005
Edición:33a. ed.
Series:Zona Libre
Materias:
Etiquetas: Agregar Etiqueta
Sin Etiquetas, Sea el primero en etiquetar este registro!
LEADER 01015nam a22002535a 4500
001 CEM.cems012073
008 130507s2005##################000#0#####d
005 20230503123246.0
245 1 0 |a Los ojos del perro siberiano /  |c Antonio Santa Ana 
250 |a 33a. ed. 
260 |a Barcelona :  |b Norma,  |c 2005 
300 |a 135 p. 
490 0 |a Zona Libre 
520 |a Hay cosas de las que es mejor no hablar. Eso creen la madre y el padre de Ezequiel. Pero su hermano menor quiere saber qué pasa, entender por qué Ezequiel está enfermo y por qué hay una parte de la familia que eligió abandonarlo. 
020 |a 9580443912 
100 1 |a Santa Ana, Antonio 
082 0 4 |a A863.4 
653 |a Literatura 
653 |a Literatura juvenil 
653 |a Literatura argentina 
653 |a Novelas juveniles 
859 |a CEMS  |b BIB. CEMS - Agricultura  |h A863.4  |i Sa81  |p A3580.23  |t Ej.1 
859 |a CEMS  |b BIB. CEMS - 11 de abril  |h A863.4  |i Sa81  |p 23311.06  |t Ej.1 
859 |a CEMS  |b BIB. CEMS - 11 de abril  |h A863.4  |i Sa81  |p 26990.14  |t Ej.2